<?xml version="1.0" encoding="UTF-8"?>
<marc:record xmlns:marc="http://www.loc.gov/MARC21/slim">
   <marc:leader>00000nam a2200000 a 4500</marc:leader>
   <marc:datafield ind1=" " ind2=" " tag="653">
      <marc:subfield code="a">Lernspiel</marc:subfield>
   </marc:datafield>
   <marc:datafield ind1=" " ind2=" " tag="653">
      <marc:subfield code="a">Tiere und Ihre Merkmale entdecken</marc:subfield>
   </marc:datafield>
   <marc:datafield ind1=" " ind2=" " tag="653">
      <marc:subfield code="a">hoher Lernfaktor</marc:subfield>
   </marc:datafield>
   <marc:datafield ind1=" " ind2=" " tag="653">
      <marc:subfield code="a">lustig</marc:subfield>
   </marc:datafield>
   <marc:datafield ind1=" " ind2=" " tag="653">
      <marc:subfield code="a">15 Minuten</marc:subfield>
   </marc:datafield>
   <marc:datafield ind1=" " ind2=" " tag="653">
      <marc:subfield code="a">hoher Spaßfaktor</marc:subfield>
   </marc:datafield>
   <marc:datafield ind1=" " ind2=" " tag="653">
      <marc:subfield code="a">spannend</marc:subfield>
   </marc:datafield>
   <marc:datafield ind1="0" ind2="0" tag="245">
      <marc:subfield code="a">Können Schweine Fliegen</marc:subfield>
   </marc:datafield>
   <marc:datafield ind1=" " ind2="1" tag="264">
      <marc:subfield code="a">Stuttgart</marc:subfield>
      <marc:subfield code="b">Kosmos Franckh.</marc:subfield>
      <marc:subfield code="c">2007</marc:subfield>
   </marc:datafield>
   <marc:datafield ind1="1" ind2=" " tag="520">
      <marc:subfield code="a">Können Schweine fliegen?  aber Nein!!!!#Doch nicht immer ist es so einfach,Tiere und Ihre Merkmale einzuschätzen:  Hat der Igel einen Schwanz? Legt der weiße Hai Eier?#Frisst das Meerschweinchen nur Pflanzen?##Ziel des Spieles ist es,dass Ihr mit viel Spaß 92 Tiere und Ihre Merkmale kennenlernt. In jeder Runde nehmt ihr ein Tier genau unter die Lupe. Wer schnell reagiert und seine Spielchips als erster auf den richtigen Merkmalskärtchen platziert,rückt zur Belohnung seine Schweine-Figur auf der Schweineflugbahn weit nach vorne. Wer nach fünf Runden seine Schweine-Figur am weitesten vorrücken konnte,gewinnt das Spiel.</marc:subfield>
   </marc:datafield>
   <marc:datafield ind1=" " ind2=" " tag="041">
      <marc:subfield code="a">ger</marc:subfield>
   </marc:datafield>
   <marc:datafield ind1=" " ind2=" " tag="500">
      <marc:subfield code="a">Spieler: 2-4. - Alter ab: 5</marc:subfield>
   </marc:datafield>
</marc:record>
